[Event "Innsbruck op-B 1st"]
[Site "Innsbruck"]
[Date "2017.08.26"]
[Round "2"]
[White "Waha, Christian"]
[Black "Gholamiorimi, Ali Mohammad"]
[Result "1-0"]
[WhiteElo "1745"]
[BlackElo "1440"]
[PlyCount "67"]
[EventDate "2017.08.25"]
[EventType "swiss"]
[EventRounds "9"]
[EventCountry "AUT"]
[SourceTitle "CBM 180 Extra"]
[Source "ChessBase"]
[SourceDate "2017.10.06"]
[SourceVersion "1"]
[SourceVersionDate "2017.10.06"]
[SourceQuality "1"]

1. d4 d5 2. c4 Nf6 3. Nf3 Bg4 4. e3 e6 5. g3 Nc6 6. Bg2 Ne4 7. 0-0 Be7 8. a3 0-0 9. Nc3 f5 10. cxd5 exd5 11. Qb3 Nxc3 12. bxc3 Na5 13. Qa2 c6 14. Ne5 Bh5 15. c4 dxc4 16. Rb1 Qc7 17. Bd2 Be8 18. Bb4 Rb8 19. Rfc1 b5 20. a4 Nb3 21. Bxe7 Qxe7 22. Re1 a6 23. Bxc6 Bxc6 24. Nxc6 Qd6 25. Nxb8 Rxb8 26. axb5 axb5 27. Rb2 Qd5 28. Qb1 Ra8 29. Qc2 b4 30. Rd1 Ra3 31. Ra2 Rxa2 32. Qxa2 Na5 33. Qa4 b3 34. Qe8# 1-0

[Event "Innsbruck op-B 1st"]
[Site "Innsbruck"]
[Date "2017.08.25"]
[Round "1"]
[White "Gholamiorimi, Ali Mohammad"]
[Black "Beshukov, Aslan"]
[Result "0-1"]
[WhiteElo "1440"]
[BlackElo "1830"]
[PlyCount "96"]
[EventDate "2017.08.25"]
[EventType "swiss"]
[EventRounds "9"]
[EventCountry "AUT"]
[SourceTitle "CBM 180 Extra"]
[Source "ChessBase"]
[SourceDate "2017.10.06"]
[SourceVersion "1"]
[SourceVersionDate "2017.10.06"]
[SourceQuality "1"]

1. e4 d5 2. exd5 Nf6 3. Bc4 Nxd5 4. d4 e6 5. Nf3 Be7 6. Qd3 Nc6 7. a3 a6 8. 0-0 b5 9. Bb3 Bb7 10. Nc3 Nxc3 11. bxc3 0-0 12. Be3 Na5 13. Nd2 Nxb3 14. cxb3 Qd5 15. f3 Qh5 16. Ne4 Rad8 17. Ng3 Qh4 18. Rfe1 Bd6 19. Bf2 Rfe8 20. Nf1 Qe7 21. b4 c5 22. Ng3 cxd4 23. cxd4 Qh4 24. Rad1 Bd5 25. Nf1 Qf6 26. Ng3 Qh6 27. Nf1 Bc4 28. Be3 Qh5 29. g4 Qh3 30. Qd2 Qxf3 31. Qg2 Bd5 32. Rd2 Qxg2+ 33. Rxg2 Bxg2 34. Kxg2 Rc8 35. Bd2 Rc2 36. Re3 Bf4 37. Rd3 Bxd2 38. Nxd2 Rec8 39. Kf3 R2c3 40. Ke4 Rxd3 41. Kxd3 f5 42. gxf5 exf5 43. d5 Kf7 44. Kd4 Kf6 45. Nb3 Rc4+ 46. Kd3 Ke5 47. Nc5 Rxc5 48. bxc5 Kxd5 0-1

[Event "Panevezys Gigant op-A"]
[Site "Panevezys"]
[Date "2017.08.23"]
[Round "7"]
[White "Sinijs, Adrians"]
[Black "Gholamiorimi, Ali Mohammad"]
[Result "1/2-1/2"]
[WhiteElo "1453"]
[BlackElo "1440"]
[PlyCount "75"]
[EventDate "2017.08.19"]
[EventType "swiss"]
[EventRounds "9"]
[EventCountry "LTU"]
[SourceTitle "EXT 2019"]
[Source "ChessBase"]
[SourceDate "2018.10.10"]
[SourceVersion "1"]
[SourceVersionDate "2018.10.10"]
[SourceQuality "1"]

1. b3 e5 2. Bb2 Nc6 3. e3 Nf6 4. Bb5 d6 5. Ne2 Bd7 6. d4 a6 7. Bxc6 Bxc6 8. 0-0 e4 9. Nd2 d5 10. c4 Be7 11. cxd5 Qxd5 12. Nf4 Qf5 13. Nc4 Bd6 14. Nxd6+ cxd6 15. Qd2 d5 16. Ba3 Qd7 17. Rfc1 g5 18. Ne2 h5 19. Qb4 h4 20. Qd6 Qxd6 21. Bxd6 Nd7 22. a4 f5 23. b4 Kf7 24. h3 Ke6 25. Bh2 Nf6 26. Ra2 g4 27. Nf4+ Kf7 28. Rac2 Rhg8 29. b5 axb5 30. axb5 Bxb5 31. Rc7+ Bd7 32. Nxd5 g3 33. Bxg3 hxg3 34. Nxf6 gxf2+ 35. Kxf2 Ra2+ 36. Kf1 Kxf6 37. Rxd7 Rgxg2 38. Rxb7 1/2-1/2

[Event "Panevezys Gigant op-A"]
[Site "Panevezys"]
[Date "2017.08.20"]
[Round "3"]
[White "Janulynas, Jonas"]
[Black "Gholamiorimi, Ali Mohammad"]
[Result "1-0"]
[WhiteElo "1748"]
[BlackElo "1440"]
[PlyCount "81"]
[EventDate "2017.08.19"]
[EventType "swiss"]
[EventRounds "9"]
[EventCountry "LTU"]
[SourceTitle "EXT 2019"]
[Source "ChessBase"]
[SourceDate "2018.10.10"]
[SourceVersion "1"]
[SourceVersionDate "2018.10.10"]
[SourceQuality "1"]

1. e4 e5 2. Nf3 Nc6 3. Bc4 h6 4. 0-0 Nf6 5. c3 Bc5 6. d4 exd4 7. cxd4 Bb6 8. e5 Nh7 9. d5 Ne7 10. d6 Nc6 11. a3 0-0 12. b4 cxd6 13. exd6 Qf6 14. Ra2 Re8 15. Bb2 Ne5 16. Nxe5 Rxe5 17. Bxe5 Qxe5 18. Re2 Qd4 19. Re8+ Nf8 20. Qxd4 Bxd4 21. Rfe1 b6 22. Bd5 Rb8 23. R1e7 Bb7 24. Rxb8 Bxd5 25. Ree8 Ba2 26. Nd2 Bc3 27. Nf3 Bb2 28. Nh4 g6 29. Rxf8+ Kg7 30. Rfd8 Be6 31. Rb7 Bxa3 32. Rxa7 Bxb4 33. Raxd7 Bc3 34. Nf3 Bf6 35. Re7 b5 36. Rb8 Bc4 37. Ree8 Bc3 38. d7 b4 39. d8Q g5 40. Rg8+ Kh7 41. Nxg5+ 1-0